Voice Actors of Studio Ghibli Characters - Male Edition - Statistics

General Stats
  • This quiz has been taken 11 times
  • The average score is 7 of 16
Answer Stats
Picture Answer % Correct
Christian Bale
100%
Tom Holland
83%
Willem Dafoe
67%
Billy Crystal
50%
Cary Elwes
50%
Keith David
50%
Mark Hamill
50%
Tim Curry
50%
John DiMaggio
33%
Liam Neeson
33%
Matt Damon
33%
Michael Keaton
33%
Shia LeBeouf
33%
Chris Sarandon
17%
Patrick Stewart
17%
Zach Callison
17%
No matching quizzes found
Score Distribution
Percent of People with Each Score
Percentile by Number Answered
Your Score History
You have not taken this quiz